El oficio de escribir y el estilo

Saved in:
Bibliographic Details
Main Author: Schopenhauer, Arthur (Author)
Format: Book
Language:Spanish
Published: Palma de Mallorca José J. de Olañeta 2014
Edition:1a. ed
Series:Centellas, 89
Subjects:
Tags: Add Tag
No Tags, Be the first to tag this record!

MARC

LEADER 00000cam a2200000 a 4500
001 UCE5266
003 CL-VaPUC
008 141218e20140000sp |||||||||||||||||spa|d
020 |a 9788497168915 
082 0 4 |a 411  |b SCH  |2 21 
100 0 |a Schopenhauer, Arthur  |e author  |9 265694 
245 1 3 |a El oficio de escribir y el estilo 
250 |a 1a. ed 
300 |a 107 p 
942 |c BK 
945 |d 20141218 14:43:00  |a dcastane 
260 |a Palma de Mallorca  |b José J. de Olañeta  |c 2014 
650 0 |a Enseñanza de la escritura  |9 307377 
650 0 |a Composición literaria  |9 324494 
650 0 |a Redacción   |9 320524 
583 |a last modification  |c 20141218 14:43:00  |k Rodrigo Vera 
490 0 |a Centellas, 89 
999 |c 358021  |d 358019 
952 |0 0  |1 0  |3 erb  |4 0  |6 411_000000000000000_SCH_2014  |7 0  |8 A  |9 466235  |a BIBART  |b BIBART  |i 5130654  |l 2  |o 411 SCH 2014  |p 5130654  |r 2025-03-13  |s 2024-06-25  |w 2019-11-23  |y BK  |z Catalogado en:20141218  |k ART